|
|
|
|
| LEADER |
01724nam a2200433 4500 |
| 001 |
000007023 |
| 003 |
3184 |
| 005 |
20111115091139.0 |
| 008 |
110926s2006 viesd |
| 020 |
|
|
|c 000đ
|
| 041 |
0 |
|
|a vie
|
| 082 |
|
|
|a 398.209597
|b VIÊ
|
| 110 |
|
|
|a Viện Khoa học xã hội Việt Nam. Viện Nghiên cứu Văn hoá
|
| 245 |
|
0 |
|a Kho tàng sử thi Tây Nguyên
|b Sử thi Ba Na: Giông gum kon tơ ring pơ ngot hrăh. Giông cứu đói dân làng mọi nơi. Giông hao kơtao. Giông leo mía thấn
|c Hát kể: Alưu ; S.t.: Võ Quang Trọng ; Phiên âm, dịch: Y Tuwrr ; Y Kiưch ; b.t..: Lê Văn Kỳ ; Lê Thị Thùy ly
|
| 260 |
|
|
|a H.
|b Khoa học xã hội
|c 2006
|
| 300 |
|
|
|a 1012 tr
|b bảng, ảnh
|c 24 cm
|
| 500 |
|
|
|a Chính văn bằng hai thứ tiếng: Việt - Ba Na
|
| 504 |
|
|
|a Thư mục tr: 1012
|
| 653 |
|
|
|a Văn học dân gian
|
| 653 |
|
|
|a Dân tộc Ba Na
|
| 653 |
|
|
|a Tây Nguyên
|
| 653 |
|
|
|a Sử thi
|
| 700 |
|
|
|a Bok Păh
|e A Lưu
|
| 700 |
|
|
|a Võ Quang Trọng
|e s.t.
|
| 700 |
|
|
|a Y Tưr
|e Phiên âm, dịch
|
| 700 |
|
|
|a Y Kiưch
|e Phiên âm, dịch
|
| 700 |
|
|
|a Lê Văn Kỳ
|e b.t
|
| 700 |
|
|
|a Lê Văn Thùy Ly
|e b.t
|
| 910 |
|
|
|a Nguyễn Thị Kim Oanh
|d 26/09/2011
|
| OWN |
|
|
|a LSP
|
| AVA |
|
|
|a UDN50
|b LSP
|d 398.209597 VIÊ
|e available
|t Error 5001 Not defined in file expand_doc_bib_avail.
|f 1
|g 0
|h N
|i 0
|k 1
|
| 999 |
|
|
|a From the UDN01
|
| AVA |
|
|
|a UDN50
|b LSP
|d 398.209597 VIÊ
|e available
|t Error 5001 Not defined in file expand_doc_bib_avail.
|f 1
|g 0
|h N
|i 0
|k 1
|
| TYP |
|
|
|a Monograph
|
| TYP |
|
|
|a Printed language
|
| 980 |
|
|
|a Mạng thư viện Đại học Đà Nẵng
|